Business research methods / (Record no. 2287)
| 000 -LEADER | |
|---|---|
| fixed length control field | 01499cam a22003374a 4500 |
| 001 - CONTROL NUMBER | |
| control field | 12008265 |
| 003 - CONTROL NUMBER IDENTIFIER | |
| control field | OSt |
| 005 - DATE AND TIME OF LATEST TRANSACTION | |
| control field | 20160705155439.0 |
| 008 - FIXED-LENGTH DATA ELEMENTS--GENERAL INFORMATION | |
| fixed length control field | 000515s2001 maua b 001 0 eng |
| 010 ## - LIBRARY OF CONGRESS CONTROL NUMBER | |
| LC control number | 00040695 |
| 020 ## - INTERNATIONAL STANDARD BOOK NUMBER | |
| International Standard Book Number | 0072314516 (alk. paper) |
| 040 ## - CATALOGING SOURCE | |
| Original cataloging agency | DLC |
| Transcribing agency | DLC |
| Modifying agency | DLC |
| 042 ## - AUTHENTICATION CODE | |
| Authentication code | pcc |
| 050 00 - LIBRARY OF CONGRESS CALL NUMBER | |
| Classification number | HD30.4.E47 2001 |
| 082 00 - DEWEY DECIMAL CLASSIFICATION NUMBER | |
| Classification number | 658/.007/2 |
| Edition number | 21 |
| 100 1# - MAIN ENTRY--PERSONAL NAME | |
| Personal name | Cooper, Donald R. |
| 245 10 - TITLE STATEMENT | |
| Title | Business research methods / |
| Statement of responsibility, etc | Donald R. Cooper, Pamela S. Schindler. |
| 250 ## - EDITION STATEMENT | |
| Edition statement | 7th ed. |
| 260 ## - PUBLICATION, DISTRIBUTION, ETC. (IMPRINT) | |
| Place of publication, distribution, etc | Boston, Mass. : |
| Name of publisher, distributor, etc | Irwin/McGraw-Hill |
| Date of publication, distribution, etc | c2001. |
| 300 ## - PHYSICAL DESCRIPTION | |
| Extent | xviii, 798 p. : |
| Other physical details | ill. (some col.) ; |
| Dimensions | 26cm. + |
| Accompanying material | 1 computer optical disc (4 3/4 in.) |
| 490 1# - SERIES STATEMENT | |
| Series statement | The Irwin/McGraw-Hill series in operations and decision sciences. |
| 504 ## - BIBLIOGRAPHY, ETC. NOTE | |
| Bibliography, etc | Includes bibliographical references and index. |
| 538 ## - SYSTEM DETAILS NOTE | |
| System details note | Systems requirements for accompanying computer disc: IBM PC, or 100% compatible with a Pentium/90 MHz processor; 16MB of RAM; 4x CD-ROM; Microsoft Windows95 or higher; Microsoft Excel 97 or higher; either Netscape Navigator 4.0 or higher; or Microsoft Internet Explorer 4.0 or higher. |
| 650 #0 - SUBJECT ADDED ENTRY--TOPICAL TERM | |
| Topical term or geographic name as entry element | Industrial management |
| General subdivision | Research. |
| 700 1# - ADDED ENTRY--PERSONAL NAME | |
| Personal name | Schindler, Pamela S. |
| 830 #0 - SERIES ADDED ENTRY--UNIFORM TITLE | |
| Uniform title | Irwin/McGraw-Hill series in operations and decision sciences. |
| 906 ## - LOCAL DATA ELEMENT F, LDF (RLIN) | |
| a | 7 |
| b | cbc |
| c | orignew |
| d | 1 |
| e | ocip |
| f | 20 |
| g | y-gencatlg |
| 942 ## - ADDED ENTRY ELEMENTS (KOHA) | |
| Source of classification or shelving scheme | |
| Koha item type | Book |
| Withdrawn status | Lost status | Source of classification or shelving scheme | Damaged status | Not for loan | Home library | Current library | Shelving location | Date acquired | Total Checkouts | Full call number | Barcode | Date last seen | Date checked out | Copy number | Price effective from | Koha item type | Total Renewals |
|---|---|---|---|---|---|---|---|---|---|---|---|---|---|---|---|---|---|
| Riara University Library | Riara University Library | General stack | 05/07/2016 | 3 | HD30.4.E47 2001 | 7306/16 | 04/03/2025 | 28/03/2019 | C.1 | 05/07/2016 | Book | ||||||
| Riara University Library | Riara University Library | General stack | 11/08/2016 | 2 | HD30.4.E47 2001 | 7800/16 | 01/12/2021 | 14/10/2021 | C.2 | 11/08/2016 | Book | 1 | |||||
| Riara University Library | Riara University Library | General stack | 28/09/2016 | 2 | HD30.4.E47 2001 | 8360/16 | 09/04/2026 | 24/03/2026 | C.3 | 28/09/2016 | Book |
